000 00528nam a2200181Ia 4500
008 240925s9999 xx 000 0 und d
020 _a70232539
082 _a621.395 GEL
100 _aGeliger ,Randall l.; Allen, Phillip E.; Strader, Noel R.
245 0 _aVLSI: design techniques for analog and digital circuits
250 _aNA
260 _aLake Forest:
_bMc Graw-Hill
_c,1990.
300 _axv,969p.
_bNA
_fPirated
500 _aIncludes Index
600 _aElectronic Engineering
650 _aTechnology
942 _cBK
999 _c3459
_d3459